Rada Ministrów w Polsce - Statystyki

Ogólne statystyki
  • Ten quiz został rozwiązany 203 razy
    137 od ostatniego zresetowania
  • Średni wynik to 8 z 24
Statystyki odpowiedzi
Funkcja Od Imię i Nazwisko % Poprawnych
Prezes Rady Ministrów 11 XII 2017 Mateusz Morawiecki
98%
Minister sprawiedliwości 11 XII 2017 Zbigniew Ziobro
74%
Minister obrony narodowej 9 I 2018 Mariusz Błaszczak
68%
Minister nauki i szkolnictwa wyższego 11 XII 2017 Jarosław Gowin
61%
Wiceprezes Rady Ministrów 11 XII 2017 Piotr Gliński
60%
Minister zdrowia 9 I 2018 Łukasz Szumowski
44%
Minister edukacji narodowej 4 VI 2019 Dariusz Piontkowski
39%
Wiceprezes Rady Ministrów 4 VI 2019 Jacek Sasin
37%
Minister sportu i turystyki 11 XII 2017 Witold Bańka
36%
Minister przedsiębiorczości i technologii 9 I 2018 Jadwiga Emilewicz
35%
Minister spraw zagranicznych 9 I 2018 Jacek Czaputowicz
31%
Minister rolnictwa i rozwoju wsi 20 VI 2018 Jan Ardanowski
29%
Minister infrastruktury 9 I 2018 Andrzej Adamczyk
24%
Minister energii 11 XII 2017 Krzysztof Tchórzewski
21%
Minister gospodarki morskiej i żeglugi śródlądowej 11 XII 2017 Marek Gróbarczyk
21%
Członek Rady Ministrów 11 XII 2017 Mariusz Kamiński
21%
Minister środowiska 9 I 2018 Henryk Kowalczyk
17%
Członek Rady Ministrów 4 VI 2019 Michał Dworczyk
17%
Minister rodziny, pracy i polityki społecznej 4 VI 2019 Bożena Borys-Szopa
14%
Członek Rady Ministrów 4 VI 2019 Michał Woś
13%
Minister cyfryzacji 17 IV 2018 Marek Zagórski
12%
Minister finansów 4 VI 2019 Marian Banaś
12%
Minister inwestycji i rozwoju 9 I 2018 Jerzy Kwieciński
11%
Minister finansów 9 I 2018 Teresa Czerwińska
11%
Nie znaleziono quizów pasujących do podanych kryteriów
Rozkład punktacji
Procent ludzi z każdym wynikiem
Percentyl według liczby udzielonych odpowiedzi
Twoja historia wyników
Nie rozwiązałeś tego quizu od ostatniego zresetowania